000
00248nam a2200097Ia 4500
008
240331s9999 xx 000 0 und d
082
_b
PEN
100
_a
Bunch, C. tr
245
0
_a
Penkalathu urimaiykalai manitha urimaikalaka angeekarithal
942
_c
L
999
_c
2420
_d
2420